000 00295nam a2200109Ia 4500
008 171211s9999 xx 000 0 und d
245 _aWeb Design DeMYSTiFieD
245 _cWendy Willard
260 _c2011
650 _xWeb Development
856 _uhttp://down.ebook777.com/012/9780071748018.pdf
999 _c350077
_d350077